000 01013cam a2200217 4500
001 WB3913-11
008 030401n2003 000 0 eng u
035 _a(Sirsi) u121863
245 _aDraft policy sets high-risk flood limit
260 _c2003
490 _aPlanning (for the Natural and Built Environment)
_v28 March 2003, 2
520 _aThe Scottish Executive has published draft planning policy 7 outlining measures to reduce flood risk in Scotland. Measures include defining any development with a 0.5% or greater probability of being flooded as high-risk for planning purposes. A planning advice note will also be issued, providing further information and best practice advice including the role of planning and building standards in safeguarding buildings against flooding.
590 _aWB
650 _aSCOTLAND
650 _aFLOODING
650 _aFLOOD RISK AREAS
650 _aBUILDING STANDARDS
650 _aPLANNING POLICY
690 _aPlanning and development
_96259
942 _n0
999 _c72418
_d72418